000
00300nam a2200121Ia 4500
008
190216s9999||||xx |||||||||||||| ||und||
100
_a
Venugopal K & Abdul Assis K
245
0
_a
Human Resource Management
260
_b
Prentice Hall
_c
2003
300
_a
465p
650
_a
Management
942
_c
BK
999
_c
6774
_d
6774